[Event "Muensterland Verbandsklasse-A 0405"]
[Site "Muensterland"]
[Date "2005.01.22"]
[Round "5.4"]
[White "Roescher, Fred"]
[Black "Mantwill, Reiner"]
[Result "1-0"]
[WhiteElo "1856"]
[BlackElo "1750"]
[PlyCount "121"]
[EventDate "2004.09.11"]
[EventType "team"]
[EventRounds "9"]
[EventCountry "GER"]
[SourceTitle "EXT 2006"]
[Source "ChessBase"]
[SourceDate "2005.11.24"]
[SourceVersion "1"]
[SourceVersionDate "2005.11.24"]
[SourceQuality "1"]
[WhiteTeam "Heiden II"]
[BlackTeam "Gesch II"]
[WhiteTeamCountry "GER"]
[BlackTeamCountry "GER"]

1. d4 Nf6 2. Nf3 e6 3. e3 Be7 4. Bd3 0-0 5. 0-0 d5 6. Nbd2 b6 7. e4 Bb7 8. e5 Nfd7 9. Re1 c5 10. c3 Nc6 11. Nf1 h6 12. Bd2 Re8 13. Rc1 Nf8 14. h3 a5 15. N1h2 cxd4 16. cxd4 Nb4 17. Bb5 Nd7 18. Qa4 Bc8 19. a3 Na6 20. Rxc8 Rxc8 21. Bxd7 Rc4 22. Bxe8 Rxa4 23. Bxa4 Nc7 24. Rc1 Qb8 25. Bd1 Qa7 26. Be2 b5 27. Bd3 b4 28. a4 Qb6 29. b3 Kf8 30. g4 Ke8 31. Kg2 Kd8 32. Be3 Kc8 33. Nf1 Kb7 34. Ng3 Qa7 35. h4 Qb8 36. g5 hxg5 37. hxg5 Qe8 38. Ne2 Kb6 39. Nf4 Kb7 40. Nh3 Qh8 41. Nf4 Qe8 42. g6 f5 43. exf6 Bxf6 44. Ne2 Qh8 45. Rh1 Qe8 46. Bf4 Qd7 47. Ne5 Qe7 48. Nf3 Qd7 49. Be5 Qe7 50. Rc1 Bxe5 51. dxe5 Na6 52. Bxa6+ Kxa6 53. Ned4 Kb7 54. Rc6 Qf8 55. Kg3 Qh8 56. Rxe6 Kc7 57. Rc6+ Kd7 58. e6+ Kd8 59. Nf5 Qh5 60. e7+ Kd7 61. Rd6+ 1-0